El chico a quien criaron como perro : y otras historias del cuaderno de un psiquiatra infantil /
Se presentan aquí algunos casos clínicos de niños que enfrentaron traumas severos, para explicar cómo éstos afectan el desarrollo físico, emocional y la construcción de la personalidad de los infantes, y se desvelan cuáles son las necesidades de atención concretas que ellos requieren de sus padres.
-д хадгалсан:
| Үндсэн зохиолч: | |
|---|---|
| Бусад зохиолчид: | |
| Формат: | Ном |
| Хэл сонгох: | испани |
| Хэвлэсэн: |
Madrid, España :
Capitán Swing,
2016, c2016
|
| Нөхцлүүд: | |
| Шошгууд: |
Шошго байхгүй, Энэхүү баримтыг шошголох эхний хүн болох!
|
MARC
| LEADER | 00000nam^a2200000^a^4500 | ||
|---|---|---|---|
| 001 | 000391251 | ||
| 005 | 20250521000000.0 | ||
| 009 | 20260310121210.358 | ||
| 037 | |a Acervo ITESO - Biblioteca | ||
| 041 | |a ESP | ||
| 082 | |a 616. 8521 |b PER | ||
| 100 | |a Perry, Bruce |e (autor) | ||
| 245 | 1 | 3 | |a El chico a quien criaron como perro : |b y otras historias del cuaderno de un psiquiatra infantil / |c B. Perry, M. Szalavitz ; tr. por Lucía Barahona. |
| 264 | 4 | |a Madrid, España : |b Capitán Swing, |c 2016, c2016 | |
| 300 | |a 311 p. | ||
| 336 | |a texto |b txt |2 rdacontenido | ||
| 337 | |a sin mediación |b n |2 rdamedio | ||
| 338 | |a volumen |b nc |2 rdasoporte | ||
| 500 | |a Traducción de: The Boy Who Was Raised as a Dog : And Other Stories from a Child Psychiatrist's | ||
| 520 | |a Se presentan aquí algunos casos clínicos de niños que enfrentaron traumas severos, para explicar cómo éstos afectan el desarrollo físico, emocional y la construcción de la personalidad de los infantes, y se desvelan cuáles son las necesidades de atención concretas que ellos requieren de sus padres. | ||
| 649 | |a XX | ||
| 650 | |a Niños - |x Condiciones Psicológicas - |x Tema Principal | ||
| 650 | |a Trastorno de Estrés Postraumático - |x Tratamiento | ||
| 650 | |a Trastorno de Estrés Postraumático - |x Tema Principal | ||
| 650 | |a Trauma | ||
| 650 | |a Psicopatología | ||
| 650 | |a Psiquiatría | ||
| 650 | |a Psicología Clínica | ||
| 700 | |a Szalavitz, Maia |e (autor) | ||
| 910 | |a Fondo General | ||
| 920 | |a Impresos - Libros | ||
| 930 | |a Colección General | ||
| 905 | |a 101 | ||
| 901 | |a 0500285979 |b IT1 |c ACC |i C153412 |u 20250521 | ||
| 902 | |a https://opac.biblio.iteso.mx/vufind/Record/000391251 | ||